| 000 | 01060cam a2200253 4500 | ||
|---|---|---|---|
| 001 | B3063 | ||
| 008 | 090401t1990 xxu||||| |||| 00| 0 eng d | ||
| 035 | _a(Sirsi) u53793 | ||
| 041 | _aeng | ||
| 050 | _a346.41043 | ||
| 245 | _aBlundell memorial lectures (1990) ... current problems in property law. Under the auspices of the General Council of the Bar , the Law Society and the Royal Institution of Chartered Surveyors | ||
| 260 |
_aLondon _bInstitution and College Conferences _c1990 |
||
| 300 | _a208p. ; 30cm. | ||
| 350 | _a10 | ||
| 490 | _aBlundell Lectures | ||
| 520 | _aPapers:- Research how to use its fruits/ VANDERMEER,R REID,I - Conditions of sale / ALDRIDGE,T MOWBRAY,J -Implications of VAT on rent / ROSS,M JOHNSON,T - Property in France 1992/ AUSTIN,R BUTTERY,P - Leisure licensed premises / MORGAN,P HAYWARD,I . | ||
| 650 | _aNATIONAL CONDITIONS OF SALE | ||
| 650 | _aRENT REVIEWS | ||
| 650 | _aSECURITY OF TENURE | ||
| 650 | _aSTANDARD CONDITIONS OF SALE | ||
| 650 | _aVALUE ADDED TAX | ||
| 942 |
_n0 _2ddc |
||
| 948 | _c04/03/1997 | ||
| 999 |
_c93338 _d93338 |
||